| 000 | 00431nam a2200169Ia 4500 | ||
|---|---|---|---|
| 001 | 32655 | ||
| 003 | IN-NITTTR | ||
| 005 | 20251114233435.0 | ||
| 008 | 251113s9999||||xx |||||||||||||| ||eng|| | ||
| 040 | _beng | ||
| 040 | _cIN-NITTTR | ||
| 041 | _aeng | ||
| 082 | _aHD38.5 | ||
| 100 | _aMatsui, Masayuki | ||
| 245 | 0 |
_aFundamentals and Principles of Artifacts Science : _b 3M&I-Body System / _cMatsui, Masayuki |
|
| 942 |
_2ddc _cBK |
||
| 999 |
_c35491 _d35491 |
||